LEADER 01277nam a2200325 a 4500 001 000000123596 003 CaOOAMICUS 005 20101028141834.0 008 101028s2003 it u001 u ita r 020 $z88-88926-09-7* 040 $aPUL$bita 082 04$a120 100 1 $aManno, Ambrogio Giacomo.$0(OLS)http://pul/name/38066 245 10$aProblemi epistemologici e gnoseologici /$cAmbrogio Giacomo Manno. 260 $aRoma :$bLeonardo da Vinci,$c©2003. 300 $a458 p. ;$c24 cm. 490 1 $aPropedeutica filosofica ;$v8 500 $aInclude indice. 504 $aBibliografia in nota. 650 4$aEpistemologia.$0(OLS)http://pul/subject/439 650 4$aGnoseologia.$0(OLS)http://pul/subject/1860 830 0$aPropedeutica filosofica ;$v8.$0(OLS)http://pul/title/132812 850 $aPUL 852 $aPUL$W1$xSL Filosofia 3$y81$m120 LIVAN 1$j142269$qDDC 21$B141246$CPULBib$Z2$F141246 $H114881 $82 941 1 $a9 996 $6020$z88-88926-09-7*$9(OLS)http://pul/number/145773 996 $6082$a120$9(OLS)http://pul/classification/1717 996 $6245$aProblemi epistemologici e gnoseologici$9(OLS)http://pul/title/155764 996 $6260$aRoma :$bLeonardo da Vinci$9(OLS)http://pul/publisher/51778 LEADER 01428nam a2200289 a 4500 001 000000170160 003 CaOOAMICUS 005 20181029100906.0 008 181029s2018 gw u001 u ger r 020 $z9783161557545* 032 $aLibriCat 040 $aPUL$bita 100 1 $aStolz, Lukas.$0(OLS)http://pul/name/109503 245 14$aDer Höhepunkt des Hebräerbriefs :$bHebräer 12,18-29 und seine Bedeutung für die Struktur und die Theologie des Hebräerbriefs /$cLukas Stolz. 260 $aTübingen :$bMohr Siebeck,$c©2018. 300 $aXXIV, 527 p. ;$c24 cm. 490 1 $aWissenschaftliche Untersuchungen zum Neuen Testament. Reihe 2 ;$v463 504 $aInclude riferimenti bibliografici e indici. 630 04$aBiblia.$pN.T.$pAd Hebraeos$xCommenti.$0(OLS)http://pul/subject/14459 830 0$aWissenschaftliche Untersuchungen zum Neuen Testament.$nReihe 2 ;$v463.$0(OLS)http://pul/title/264 850 $aPUL 852 $aPUL$W1$xSL Religione 1$y3$m16 I 463$j193096$qStampati$B198404$CPULBib$Z2$F198404 $H131480 $81 941 1 $a8 996 $6020$z9783161557545*$9(OLS)http://pul/number/165061 996 $6245$aDer Höhepunkt des Hebräerbriefs :$bHebräer 12,18-29 und seine Bedeutung für die Struktur und die Theologie des Hebräerbriefs$9(OLS)http://pul/title/210871 996 $6260$aTübingen :$bMohr Siebeck$9(OLS)http://pul/publisher/52004